01533nam a2200157Ia 450000500170000000800410001702000180005808200130007610000250008924500900011426000480020430000140025250000190026652010650028565000250135020250117103809.0250117s9999 xx 000 0 und d a9780691160252 a330.1HIR aHirschman, Albert O. 4aThe passions and the interestsbpolitical arguments for capitalism before its triumph aPrincetonbPrinceton University Pressc2013 axxv,161p. aIncludes index aIn this volume, Albert Hirschman reconstructs the intellectual climate of the seventeenth and eighteenth centuries to illuminate the intricate ideological transformation that occurred, wherein the pursuit of material interests--so long condemned as the deadly sin of avarice--was assigned the role of containing the unruly and destructive passions of man. Hirschman here offers a new interpretation for the rise of capitalism, one that emphasizes the continuities between old and new, in contrast to the assumption of a sharp break that is a common feature of both Marxian and Weberian thinking. Among the insights presented here is the ironical finding that capitalism was originally supposed to accomplish exactly what was soon denounced as its worst feature: the repression of the passions in favor of the "harmless," if one-dimensional, interests of commercial life. To portray this lengthy ideological change as an endogenous process, Hirschman draws on the writings of a large number of thinkers, including Montesquieu, Sir James Steuart, and Adam Smith. aCapitalism--History.